بين الرشاد والتيه

Bibliographic Details
Main Author: مالك بن نبي (Author)
Format: Book
Published: Damshiq : Dar al-Fikr , 1986
Subjects:

MARC

LEADER 00000cam a2200000 7i4500
001 0000000865
005 20040721093000.0
008 021118s1986
090 0 0 |a DS38.3   |b .I5 1986 
100 0 |a مالك بن نبي ,   |e author 
245 1 0 |a بين الرشاد والتيه   |c مالك بن نبي، اصدار ندوة مالك بن نبي 
260 2 |a Damshiq :   |b Dar al-Fikr ,   |c 1986 
300 |a 176 p. ;   |c 24 cm. 
650 0 |a Arabs countries   |x History   |y 1517-1918 
999 |a 1000041969   |b Book   |c OPEN SHELF (30 DAYS)   |e Gong Badak Campus 
999 |a 1000041970   |b Book   |c OPEN SHELF (30 DAYS)   |e Gong Badak Campus